[Event "Hordaland-ch op"]
[Site "Bergen"]
[Date "2015.04.19"]
[Round "4"]
[White "Johansen, Kristian R"]
[Black "Kyrkjebo, Hannah Bakken"]
[Result "1/2-1/2"]
[WhiteElo "1703"]
[BlackElo "1721"]
[PlyCount "85"]
[EventDate "2015.04.17"]
[EventType "swiss"]
[EventRounds "5"]
[EventCountry "NOR"]
[SourceTitle "EXT 2024"]
[Source "ChessBase"]
[SourceDate "2023.10.10"]
[SourceVersion "1"]
[SourceVersionDate "2023.10.10"]
[SourceQuality "1"]

1. d4 d5 2. c4 c6 3. e3 Nf6 4. Nc3 a6 5. Qc2 b5 6. b3 g6 7. Bd3 Bg7 8. Nf3 Nbd7 9. Bb2 0-0 10. 0-0 Bb7 11. Rfd1 Qb8 12. Ne2 Re8 13. Rac1 Rc8 14. c5 a5 15. a3 Ba6 16. b4 Bb7 17. Ra1 axb4 18. axb4 Qc7 19. Ng3 Rcb8 20. Rdc1 Ne8 21. Bc3 e5 22. dxe5 Nxe5 23. Nxe5 Bxe5 24. Qb2 Bxc3 25. Qxc3 Ng7 26. Ne2 Bc8 27. Nd4 Ne6 28. Nf3 Ng7 29. Qf6 Bf5 30. Bxf5 Nxf5 31. Ne5 Qe7 32. Qxe7 Nxe7 33. Nd7 Rd8 34. Nb6 Rxa1 35. Rxa1 d4 36. Rd1 Nf5 37. g4 Nh4 38. Kf1 Nf3 39. Kg2 Ne5 40. Rxd4 Rxd4 41. exd4 Nd3 42. d5 Nxb4 43. dxc6 1/2-1/2

[Event "Hordaland-ch op"]
[Site "Bergen"]
[Date "2015.04.19"]
[Round "5"]
[White "Woldseth, Ole"]
[Black "Johansen, Kristian R"]
[Result "0-1"]
[WhiteElo "2076"]
[BlackElo "1703"]
[PlyCount "62"]
[EventDate "2015.04.17"]
[EventType "swiss"]
[EventRounds "5"]
[EventCountry "NOR"]
[SourceTitle "EXT 2024"]
[Source "ChessBase"]
[SourceDate "2023.10.10"]
[SourceVersion "1"]
[SourceVersionDate "2023.10.10"]
[SourceQuality "1"]

1. d4 d6 2. e4 Nf6 3. Nc3 Nbd7 4. Be3 e5 5. f3 Be7 6. Nh3 c6 7. a4 0-0 8. Qd2 d5 9. exd5 cxd5 10. 0-0-0 Bb4 11. dxe5 Nxe5 12. Nf4 Be6 13. Bd4 Nc6 14. Bb5 Nxd4 15. Qxd4 Qa5 16. Ncxd5 Bxd5 17. Nxd5 Nxd5 18. Qxd5 a6 19. Bd7 b5 20. Qb3 Rab8 21. Rd5 Be7 22. Rhd1 Rfd8 23. Rf5 Bf6 24. c3 Qc7 25. Rfd5 bxa4 26. Qa3 Qb7 27. f4 Qb6 28. g3 Qf2 29. R5d2 Qe3 30. Bxa4 Rxd2 31. Rxd2 Rd8 0-1

[Event "Bergen Sommer op"]
[Site "Bergen"]
[Date "2006.08.09"]
[Round "4"]
[White "Johansen, Kristian R"]
[Black "Kjenner, Svein"]
[Result "1-0"]
[WhiteElo "1521"]
[BlackElo "1631"]
[PlyCount "93"]
[EventDate "2006.08.06"]
[EventType "swiss"]
[EventRounds "6"]
[EventCountry "NOR"]
[SourceTitle "EXT 2007"]
[Source "ChessBase"]
[SourceDate "2006.11.23"]
[SourceVersion "1"]
[SourceVersionDate "2006.11.23"]
[SourceQuality "1"]

1. d4 Nf6 2. c4 e6 3. Nf3 d5 4. Nc3 c6 5. e3 Nbd7 6. Qc2 Be7 7. Bd3 dxc4 8. Bxc4 b5 9. Bd3 b4 10. Ne4 Bb7 11. Bd2 c5 12. Nxc5 Bxf3 13. Nxd7 Qxd7 14. gxf3 Rc8 15. Qb3 a5 16. a4 Qd6 17. Bb5+ Kf8 18. f4 g6 19. Ke2 Kg7 20. Rac1 Ng4 21. h3 Nh6 22. Rxc8 Rxc8 23. Rc1 Rxc1 24. Bxc1 Nf5 25. Qc4 Qd8 26. Qc6 Bf6 27. Qd7 Qb6 28. Kd3 Ne7 29. e4 Bh4 30. Be3 Qb8 31. Bc4 Qc8 32. Qxc8 Nxc8 33. d5 exd5 34. Bxd5 Bd8 35. Kc4 f6 36. Kb5 Kf8 37. Bc5+ Ke8 38. Be6 Ne7 39. Bb6 g5 40. Bxd8 Kxd8 41. Kxa5 Nc6+ 42. Kb6 Nd4 43. Bd5 h5 44. fxg5 fxg5 45. a5 Nf3 46. a6 Ne5 47. a7 1-0